000 00706cam a2200241 a 4500
001 000005269
005 20200929151627.0
008 940815s2000 sp a 000 1 spa
020 _a8495501007
040 _aDO-SdBNP
_bspa
_cBNPHU
082 _a863.64
_bP438c, 2000
100 1 _aPérez-Reverte, Arturo, 
_d1951-
_912816
245 1 3 _aEl club Dumas /
_cArturo Pérez-Reverte.
250 _a2a ed.
260 _a[Madrid] :
_bSuma de Letras,
_c2000.
300 _a559 p. :
_bil. ;
_c22 cm.
490 1 _aPunto de lectura
_v1/1
650 4 _aNovela española
_91123
650 4 _aLiteratura española
_9632
830 0 _aPunto de lectura ;
_v1/1
_93047
910 _aCatalogación derivada
910 _aWM
999 _c5070
_d5070